Political instability and economic vulnerability
Salvato in:
| Autore principale: | |
|---|---|
| Altri autori: | |
| Natura: | Libro |
| Lingua: | inglese |
| Pubblicazione: |
Washington
International Monetary Fund
1999
|
| Serie: | IMF working paper
WP/99/46 |
| Soggetti: | |
| Tags: |
Nessun Tag, puoi essere il primo ad aggiungerne!!
|
MARC
| LEADER | 00000nam a2200000 4500 | ||
|---|---|---|---|
| 001 | c116230 | ||
| 005 | 20221221083213.8 | ||
| 041 | 0 | |a eng | |
| 044 | |a US | ||
| 245 | 1 | 0 | |a Political instability and economic vulnerability |c Prepared by Matthieu Bussiére and Christian Mulder |
| 264 | 1 | |a Washington |b International Monetary Fund |c 1999 | |
| 300 | |a 36 s. | ||
| 490 | 1 | |a IMF working paper |v WP/99/46 | |
| 830 | 0 | |a IMF working paper |v WP/99/46 | |
| 610 | 2 | 0 | |a nestabilita politická |
| 610 | 2 | 0 | |a kríza hospodárska |
| 610 | 2 | 0 | |a trh |
| 610 | 2 | 0 | |a riziko |
| 610 | 2 | 0 | |a modely |
| 610 | 2 | 0 | |a regresia |
| 610 | 2 | 0 | |a testy |
| 610 | 2 | 0 | |a kríza banková |
| 610 | 2 | 0 | |a ukazovatele štatistické |
| 610 | 2 | 0 | |a Mexiko |
| 100 | 1 | |a Bussiére, Matthieu | |
| 700 | 1 | |a Mulder, Christian | |